Województwa po angielsku. Do you know these voivodships. - Statystyki

Ogólne statystyki
  • Ten quiz został rozwiązany 131 razy
  • Średni wynik to 14 z 16
Statystyki odpowiedzi
Hint Odpowiedź % Poprawnych
Kuyav-Pomeranian Kujawsko-Pomorskie
97%
Lodz Łódzkie
97%
Opolan Opolskie
96%
Lubush Lubuskie
94%
Lubelan Lubelskie
93%
Mazovshan Mazowieckie
93%
Pomeranian Pomorskie
90%
Silesian Śląskie
90%
Varmy-Mazurian Warmińsko-Mazurskie
90%
West-Pomeranian Zachodniopomorskie
90%
Lower-Silesian Dolnośląskie
88%
Lower-Polish Małopolskie
87%
Upper-Polish WIelkopolskie
86%
Subcarpathian Podkarpackie
85%
Holly-Cross Świętokrzyskie
84%
Subforrest Podlaskie
83%
Nie znaleziono quizów pasujących do podanych kryteriów
Rozkład punktacji
Procent ludzi z każdym wynikiem
Percentyl według liczby udzielonych odpowiedzi
Twoja historia wyników
Nie rozwiązałeś tego quizu